Statistics for Gapfill Romeo+Juilet Proplogue

Click here to take the quiz!

General Stats

  • This quiz has been taken 44 times
  • The average score is 6 of 14

Answer Stats

Hint Answer % Correct
In fair_ where we lay our _Verona, scene
97%
Where _ blood makes civil _ uncleancivil, hands
90%
Two _ both alike in _households, dignity
67%
From ancient _ break to new _grudge, mutiny
64%
A pair of _ lovers, take their _starcrossed, life
64%
From forth the _ loins of these two _fatal, foes
51%
Is now the _ hours traffic of our _two, stage
38%
Whose _ piteous overthrowsmisadventured
31%
Doth with their _ bury their _ strifedeath, parent's
31%
What here shall _ our _ shall _ to mendmiss, toil, strive
21%
The _ passage of their _-_ lovefearful, death-mark'd
15%
And the _ of their parent's _continuance
15%
Which but their children's _ nought could _end, remove
15%
The _ if you with _ ears attendwhich, patient
13%

Score Distribution

Percentile by Number Answered

Percent of People with Each Score

Your Score History

You have not taken this quiz